Statistiken für Biologie Nadelbäume

Klicken Sie hier um das Quiz zu spielen!

Allgemein

  • Dieses Quiz wurde 213 mal gespielt
  • Das Durchschnittsergebnis liegt bei 3 aus 7

Antwortstatistiken

Antwort% Korrekt
Tanne
97%
Fichte
90%
Lärche
61%
Eibe
41%
Föhre
16%
Latsche
16%
Zirbe
15%

Verteilung der Resultate

Perzentil nach korrekt beantworteten Fragen

Anzahl Personen mit jedem Resultat

Ihre Resultats-Entwicklung

Sie haben dieses Quiz noch nicht gespielt